| 000 | 01321nam a22002775i 4500 | ||
|---|---|---|---|
| 001 | 18451947 | ||
| 005 | 20221221114921.0 | ||
| 008 | 150116s2015 nyu 000 0 eng | ||
| 010 | _a 2015931135 | ||
| 020 | _a9781623659387 | ||
| 040 |
_aDLC _beng _erda _cDLC |
||
| 042 | _apcc | ||
| 082 | _a320.954,PRI | ||
| 100 | 1 |
_aPrice, Lance. _9105507 |
|
| 245 | 1 | 4 |
_aThe modi effect / _cLance Price. |
| 263 | _a1503 | ||
| 264 | 1 |
_aNew York, NY : _bQuercus, _c2015. |
|
| 300 | _apages cm | ||
| 336 |
_atext _btxt _2rdacontent |
||
| 337 |
_aunmediated _bn _2rdamedia |
||
| 338 |
_avolume _bnc _2rdacarrier |
||
| 505 | _aThe Outsider (Page-1), Chai Wala (Page-19), Chief Minister (Page-35), Behind The Mask (Page-51), The Big Mo (Page-67), The Modi Operandi (Page-83), I, Modi (Page-100), Iron Man 2 (Page-111), Tea Break (Page-124), iModi (Page-137), 'Superstar' (Page-150), Vote Lotus (Page-164), Brand Modi (Page-180), Mother Ganges (Page-192), The Only Way is UP (Page-202), Rally Driver (Page-214), GOTV (Page-225), India Recast? (Page-236), The Indomitable Will (Page-246), The Modi Defect (Page-269), Indian Politics: A Who'sWho (Page-277), Abbreviations(Page-287), Chronology (Page-291). | ||
| 906 |
_a0 _bibc _corignew _d2 _eepcn _f20 _gy-gencatlg |
||
| 942 |
_2ddc _cBK _k320.954,PRI |
||
| 999 |
_c592762 _d592762 |
||